První a druhá Evropa

Saved in:
Bibliographic Details
Main Author: Martens, Wilfried
Other Authors: Formánek, Jaroslav
Format: Book
Language:Czech
Published: Praha Panevropa 1995
Edition:1. vyd.
Subjects:
Tags: Add Tag
No Tags, Be the first to tag this record!

MARC

LEADER 00000nam a2200000 4500
001 c011914
005 20230117134610.9
020 |a 80-85846-02-0 
041 0 |a cze 
044 |a CZ 
245 1 0 |a První a druhá Evropa  |c Wilfried Martens ; Prekl. Jaroslav Formánek 
250 |a 1. vyd. 
264 1 |a Praha  |b Panevropa  |c 1995 
300 |a 144 s. 
610 2 0 |a politika 
610 2 0 |a integrácia ekonomická medzinárodná 
610 2 0 |a Európske spoločenstvá 
610 2 0 |a Európa 
610 2 0 |a Európska únia 
610 2 0 |a vzťahy hospodárske medzinárodné 
610 2 0 |a Nemecko 
100 1 |a Martens, Wilfried 
700 1 |a Formánek, Jaroslav